[Event "WchT (Women) 4th"]
[Site "Astana"]
[Date "2013.03.10"]
[Round "7.3"]
[White "Khurtsidze, Nino"]
[Black "Muzychuk, Mariya"]
[Result "0-1"]
[WhiteElo "2437"]
[BlackElo "2479"]
[Annotator "Muzychuk,M"]
[PlyCount "104"]
[EventDate "2013.03.03"]
[EventType "team-tourn"]
[EventRounds "9"]
[EventCountry "KAZ"]
[SourceTitle "CBM 154"]
[Source "ChessBase"]
[SourceDate "2013.05.15"]
[SourceVersion "1"]
[SourceVersionDate "2013.05.15"]
[SourceQuality "1"]
[WhiteTeam "Georgia (W)"]
[BlackTeam "Ukraine (W)"]
[WhiteTeamCountry "GEO"]
[BlackTeamCountry "UKR"]

{The Women's World Team Championship was my most memorable and most successful
tournament. Our Ukrainian team won the event and for the first time became the
champion of this prestigious tournament. I am very glad that all team members
did their best and contributed a lot to this great success. Therefore, it is
also a pleasure to comment on one of my games as a good memory of the
beautiful city of Astana. I have chosen the game which was played in the 7th
round against the team from Georgia. By that time our team was leading and the
match against Georgia was one of the most important. The Georgian women's team
is very strong and our win in this match increased the team's confidence which
helped us to play well in the last rounds too.} 1. d4 Nf6 2. c4 g6 3. Nc3 d5 {
Usually Nino plays 3.Nf3 followed by the system with 4.g3, so basically my
preparation was in this direction. After 3.Nc3 I decided to play the Grünfeld
Defence. I had never played this opening before, but after checking the games
of my opponent I knew that she did not have a lot of experience in this
opening either.} 4. Nf3 Bg7 5. e3 {Probably not the most ambitious but quite a
solid line} O-O 6. b4 {One of the possibilities. White gains space on the
queenside, also preventing Black from playing c5 which is quite common for
this structure. Another option is 6.Be2.} b6 7. Ba3 ({During the game I
remembered some games after} 7. Qb3 {White makes this move most often but then}
c5 8. bxc5 bxc5 9. cxd5 {and here 9...Nbd7 or 9...Na6 promises Black quite a
comfortable position.}) 7... c5 $1 {This move is the main move and the most
principled. In one of the games it was played by Peter Svidler who is known to
be one of the greatest experts in the Grünfeld. Unfortunately I did not know
the position after 7.Ba3 so well and it took me about 30 minutes to find the
right plan.} 8. Rc1 ({A better idea was} 8. bxc5 bxc5 9. Rc1 {and the
difference between including b4xc5 b6xc5 followed by Rc1 and 8.Rc1 immediately
as was played in the game we can find in the following line:} (9. Bxc5 $6 {
taking the pawn is too dangerous for White as they have a bad development.
Black creates the forced attack on the hanging pieces, obtaining very good
compensation} Na6 10. Ba3 Qa5 11. Bb2 Rb8 12. Qd2 Qb4 13. Bc1 Ne4 14. Nxe4 dxe4
15. Ng5 Bf5) 9... cxd4 10. Nxd4 {and now Black cannot play 10...e5 as the rook
is hanging, also 10...Bb7 is not that good in view of 11.Qb3. That's why the
best option is 9...Ne4 which was played in the aforementioned game
Korchnoi-Svidler, 2006}) 8... cxb4 ({A better move was} 8... cxd4 $1 9. Nxd4 {
A better move was} Bb7 $1) 9. Bxb4 Nc6 10. Ba3 Bb7 11. cxd5 Nxd5 12. Be2 Rc8 {
After a couple of moves and exchanges we can see that Black's position is
already good. He has almost finished his development and has an easy game.} 13.
Qd2 ({White had to make an additional move of Qd2 as the immediate 13.0-0 was
losing by the tactical trick:} 13. O-O $2 {White had to make an additional
move of Qd2 as the immediate 13.0-0 was losing by the tactical trick:} Nxc3 $2
14. Rxc3 Nxd4 15. Rxc8 Nxe2+ 16. Qxe2 Qxc8 {Black is simply a pawn up. 17.Bxe7
does not work as after 17...Re8 followed by ...Ba6 wins an exchange.}) 13...
Na5 14. O-O Qd7 $6 ({With this move I played well but then entered
complications. During the game firstly I checked the line} 14... Nc4 15. Bxc4
Rxc4 16. Nxd5 Bxd5 17. Rxc4 Bxc4 18. Rc1 Bd5 19. Qc2 {probably this is good
for Black but I didn't want to give up the c-file.}) ({But the easiest and the
best was} 14... Nxc3 $1 15. Rxc3 Rxc3 16. Qxc3 Qd7 {The next move will be ...
Rc8 and there aren't any problems for Black.}) 15. Bb5 Qe6 ({Unfortunately
it's not possible to play the comfortable} 15... Bc6 {as there are problems
with the e7-pawn:} 16. Bxc6 Rxc6 17. Nxd5 Qxd5 18. Bxe7) 16. Ng5 $6 {This move
is interesting. White is trying to exploit the uncomfortable position of the
queen but objectively this forced line appears to be in Black's favour.} ({
Therefore it was necessary to choose} 16. Nxd5 {Therefore it was necessary to
choose} Bxd5 17. Ba6 {where Black still has to make some moves to coordinate
the pieces.}) 16... Qg4 17. Nxd5 Rxc1 $2 {I decided to include 17...Rxc1 18.
Rxc1, with the idea to have 21...Bf3 in the variation 18...Bxd5 19.e4 Bh6 20.
Bxe7 Bxe4 21.f3 Bxf3, but I missed 22.h3! and... White is winning a piece.} ({
Simple} 17... Bxd5 18. e4 Nc4 19. Bxc4 Bxc4 20. Rfe1 Rfe8 21. Nf3 Qd7 {was
correct.}) 18. Qxc1 $2 {A mistaken reply. As was mentioned 18.Rxc1 needed to
be played.} (18. Rxc1 $1 Bxd5 19. e4 Bf6 {another possibility instead of 19...
Bh6 is not good either} 20. f4 Bxg5 21. fxg5 Qxe4 22. Re1 {then Bxe7 and White
is better as their black coloured bishop does not have an opponent.}) 18...
Bxd5 19. e4 Bf6 $2 ({At this moment I already liked my position and
overestimated my chances after 19...Bf6 20.Nxh7. Instead} 19... Rc8 $1 {
leads to an evident advantage} 20. Qe3 Nc4 21. Bxc4 Bxc4) ({Meanwhile, an
interesting draw could happen after} 19... Bxe4 20. f3 Bxd4+ 21. Kh1 Qf5 22.
Bxe7 Qxb5 23. Bxf8 Be3 24. Qa1 Bd4 {and Black harries White's queen in all
variations} 25. Qc1 (25. Qe1 Bc3 26. Qf2 Bd4 27. Qe1) 25... Be3) 20. exd5 $6 {
It was not easy to calculate all these lines correctly over the board and
fortunately Nino did not find the best moves} (20. Nxh7 $1 {would bring White
the advantage} Kxh7 (20... Qxe4 21. Nxf6+ exf6 22. f3 Qxd4+ 23. Rf2 $14) 21.
exd5 Rd8 22. d6 exd6 23. Qc7) 20... Bxg5 21. Qc7 Qxd4 22. Qxa7 Qxd5 23. Qxb6 {
Finally the position became more clear. If the a-pawn doesn't move too far,
Black will equalise.} Ra8 (23... Nc4 {is not good because of} 24. Qc5 Qxc5 25.
Bxc5 Rc8 26. Bb4 {and this is the line where the a2-pawn looks quite dangerous.
}) 24. g3 {Now White has to sacrifice the pawn and try to exploit the fact
that all my pieces would be scattered over board. Black's next move will be ...
Qxa2, threatening ...Qa3, I would suggest putting the bishop immediately on b4.
Then, compared with the game, after 24...Qxa2 it is possible to make some more
useful move, than g3. For example 25.Rd1.} Qxa2 ({Another possibility was} 
24... Bf6 $5 25. Bc5 Qxa2 26. Rd1 Kg7) 25. Bb4 Nc4 {Black is a pawn up but the
pair of bishops gives good compensation.} 26. Qc5 ({For example here White had
a good opportunity to take advantage of the uncomfortable position of Black's
pieces and to win the pawn back.} 26. Qc6 Ne5 27. Qe4 Bf6 28. Bxe7 Bxe7 29.
Qxe5 Bf8 $11) 26... Nd2 27. Rd1 Ne4 ({The computer suggests} 27... Qb3 {
Probably this is really the best option but it looks very dangerous and
requires many moves which would be difficult to find} 28. Be2 Ne4 29. Qc6 Rb8
30. Qxe4 Rxb4 31. Rd8+ Kg7 32. Qa8 f5 33. Rh8 Qf7 34. h4 Bf6 {with advantage,
althought White has very good chances to make a draw.}) 28. Qd4 Nxf2 $1 {
The best move from a practical point of view. At this time my opponent was in
big time trouble and in such situations it is very difficult to play this kind
of position.} ({I am sure we both saw} 28... Qc2 29. Re1 Nxf2 30. Qxf2 Qxf2+
31. Kxf2 Rb8 32. Bxe7 Bxe7 33. Rxe7 Rxb5 {and despite Black being a pawn up,
it is quite easy for White to get a draw in this endgame.}) 29. Qxf2 Qb3 30.
Qe1 Rb8 31. Rd3 $1 {The only defence but not so obvious.} Qe6 $1 (31... Qb2 {
is much worse as it offers White many possibilities to equalise} 32. Rd5 (32.
Qc3 Qb1+ 33. Kg2 Qa2+ 34. Kg1 {and there is nothing better than perpetual check
}) 32... Bf6 33. Bxe7 (33. Qe4 $5) 33... Qb3 34. Bxf6 {is much worse as it
offers White many possibilities to equalise} Qxd5 35. Bf1) 32. Bd7 $2 {A huge
mistake, probably White just missed the check from b6.} (32. Ba4 $1 {was the
best, and now there is nothing better than a draw in different lines} Qb6+ (
32... Qa6 33. Qe5 Qxd3 34. Qxb8+ Kg7 35. Qe5+ Bf6 36. Qe1 Qd4+ 37. Kg2 Qd5+ 38.
Kh3 Qf5+ {with perpetual check}) 33. Kf1 Qf6+ (33... Qxb4 34. Rd8+ Kg7 35. Qe5+
Kh6 36. Qxb8 Qxa4 {still playable but also should finish in a draw}) 34. Kg1 ({
only not} 34. Kg2 $2 Qa6 $1 35. Qe5 Qb7+ 36. Kh3 Bf6 37. Qf4 g5 38. Qf5 h5 $1 {
for an attack it is necessary to keep the rooks} (38... Qxb4 39. Rb3 Qd6 40.
Rxb8+ Qxb8 41. Bc2) 39. Bd1 Qxb4 40. Bxh5 (40. Rb3 {is losing now} g4+ 41. Kg2
Qd2+) 40... Kg7 {this position is very difficult to defend}) 34... Qb6+ 35. Kf1
Qf6+ 36. Kg1 Qb6+ $11) (32. Qxe6 {was still much better than 32.Bd7 but the
endgame without a pawn is not so pleasant.} fxe6 33. Bd7 Rxb4 34. Bxe6+ Kg7)
32... Qb6+ 33. Kg2 Qxb4 {Now with 2 pawns up my position became winning.} 34.
Qd1 Qe4+ 35. Qf3 Rb2+ 36. Kh3 Qxf3 (36... Qc4 {objectively this is much
stronger as White's king is under attack} 37. Rc3 Qa2 38. Rc8+ Kg7 {easily
winning but I chose a safer continuation and went for an endgame. This was
quite reasonable as by this moment my team was already winning 2-1.}) 37. Rxf3
Kg7 {The rest is quite easy - Black is just pushing the pawns.} 38. Kg4 Bf6 39.
h4 h5+ 40. Kf4 Re2 41. Rd3 Re1 42. Kf3 Be5 43. Bc6 f5 44. Be8 Bd6 45. Kf2 Rb1
46. Kf3 Rb8 47. Bd7 Rb6 48. Rc3 Rb2 49. Be8 Be5 $1 {I could just move the
pawns immediately: 49...e5 but found one more idea.} 50. Rd3 {The rook cannot
leave the 3rd rank because of ...Rb3+ and the other moves, except Rd3 would
allow ...Bd4.} Bc7 51. Ra3 {It was impossible to prevent Bb6-Rf2.} Bb6 52. Kf4
Kf6 0-1

[Event "Bjeljina Renome"]
[Site "Bijeljina Dvorovi"]
[Date "2000.02.03"]
[Round "8"]
[White "Sahovic, Dragutin"]
[Black "Nestorovic, Dejan"]
[Result "1-0"]
[WhiteElo "2412"]
[BlackElo "2386"]
[Annotator "Petronic,J"]
[PlyCount "85"]
[EventDate "2000.01.26"]
[EventType "tourn"]
[EventRounds "11"]
[EventCountry "YUG"]
[EventCategory "7"]
[SourceTitle "CBM 074 Extra"]
[Source "ChessBase"]
[SourceDate "2000.03.10"]
[SourceVersion "2"]
[SourceVersionDate "2000.03.10"]
[SourceQuality "1"]

1. d4 Nf6 2. c4 g6 3. Nc3 d5 4. Nf3 Bg7 5. e3 O-O 6. Bd2 c5 7. dxc5 Na6 8. cxd5
Nxc5 9. Bc4 Nfe4 10. O-O Bg4 11. Be2 Rc8 12. h3 Bxf3 13. Bxf3 Nxd2 14. Qxd2 Qa5
15. Rfd1 Bxc3 16. Qxc3 Qxc3 17. bxc3 Rc7 18. c4 b6 19. d6 exd6 20. Rxd6 Nd7 21.
Be2 Ne5 22. Rc1 Rfc8 23. Rd4 b5 $2 24. c5 $1 $16 a6 (24... Rxc5 25. Rd8+ $1
Rxd8 26. Rxc5 $16) 25. Rd6 Rc6 26. Rd5 Re6 27. f4 Nc6 28. Kf2 Re4 29. a3 Rc7
30. Rc3 Ra4 31. Rd6 b4 32. axb4 Nxb4 33. c6 Kf8 34. Bf3 Ke7 35. Rd4 Ra2+ 36.
Kg3 a5 37. Rc5 Ra3 38. Re5+ Kf6 39. Rd6+ Kg7 40. Rd7 Na6 41. Ree7 Rxd7 42. cxd7
Rd3 43. Be2 1-0

[Event "Graz op-A"]
[Site "Graz"]
[Date "2016.02.17"]
[Round "7"]
[White "Postny, Evgeny"]
[Black "Bai, Jinshi"]
[Result "1-0"]
[WhiteElo "2668"]
[BlackElo "2501"]
[Annotator "Postny,E"]
[PlyCount "89"]
[EventDate "2016.02.12"]
[EventType "swiss"]
[EventRounds "9"]
[EventCountry "AUT"]
[SourceTitle "CBM 171"]
[Source "ChessBase"]
[SourceDate "2016.03.14"]
[SourceVersion "2"]
[SourceVersionDate "2016.03.14"]
[SourceQuality "1"]

{An important game from the seventh round. Both of us were standing on 4.5/6.} 
1. d4 Nf6 2. c4 g6 3. Nf3 Bg7 4. e3 {This time I decided to deviate from the
main theoretical disputes in the Grünfeld.} O-O 5. Be2 c6 {This is by far not
the main move, but I wasn't too shocked to see it, as the Slav Defence is also
in the repertoire of my young opponent.} ({Normally Black chooses between:} 
5... d6 {in the spirit of the King's Indian,}) ({or} 5... c5 {, which can lead
to a Benoni structure or even some version of the Benko Gambit.}) 6. Nc3 d5 {
Now we have suddenly got the Schlechter Variation of the Slav Defence.} 7. O-O
b6 (7... Bg4 {is a more popular move, which is often employed by Baadur Jobava.
}) 8. a4 ({After} 8. b4 dxc4 9. Bxc4 Nd5 {swapping knights makes Black's
defensive task easier.}) 8... a5 (8... Bb7 9. a5 e6 10. b4 dxc4 11. Bxc4 Nd5
12. Nxd5 exd5 13. Bd3 $14 {½-½ (39) Bukavshin,I (2517)-Bu,X (2670) Moscow
2012}) 9. cxd5 cxd5 (9... Nxd5 10. e4 Nb4 11. Be3 Bg4 12. h3 Bxf3 13. Bxf3 $14
{1/2-1/2 (32) Anand,V (2800)-Wang,Y (2732) Nanjing 2010}) 10. b3 Nc6 $146 {
An improvement over the game of his coach and compatriot - Li Chao.} (10... Ne4
$6 11. Nxe4 dxe4 12. Nd2 Bb7 13. Ba3 f5 14. Rc1 Kh8 (14... Nd7 15. b4 Nf6 16.
bxa5 bxa5 17. Nc4 Nd5 18. Ne5 $16 {1-0 (32) Vachier Lagrave,M (2758)-Li,C 
(2750) Skopje 2015}) 15. Nc4 Nd7 16. d5 Rc8 17. d6 e6 18. b4 $1 axb4 19. Bxb4
Bd5 20. a5 $1 bxa5 21. Bxa5 Qe8 22. Qa4 $16 {1-0 (29) Carlsen,M (2863)
-Mamedyarov,S (2756) Shamkir 2015}) 11. Ba3 Bb7 12. Rc1 {White's bishops are
more active - this is, more or less, the only significant difference in the
position.} Rc8 13. Bd3 Qd7 14. Bb5 Rfd8 $6 {Black shouldn't allow 15.Ne5.} ({
The queen should move away from the pin by} 14... Qe6 {. White's chances are
preferable, but there is nothing concrete.}) 15. Ne5 Qe6 16. Bxc6 Bxc6 17. Bxe7
$2 {I planned this before playing 16.Bxc6, but I didn't really pay attention
to an additional option which was way more effective.} (17. Ne2 $1 {In fact
this wins a pawn by force.} Bb7 18. Nf4 Qf5 19. g4 $5 (19. Bxe7 Rxc1 20. Qxc1
Rc8 21. Qd1 {is another way to win the pawn.}) 19... Rxc1 20. Qxc1 Qc8 (20...
Nxg4 $2 21. Qc7 Qc8 22. Qxc8 Bxc8 23. Nc6 $18) 21. Bxe7 Re8 22. Qxc8 Rxc8 {
Black has some compensation due to the control over the c-file, but a pawn is
a pawn!}) 17... Qxe7 18. Nxc6 Rxc6 19. Nxd5 Nxd5 20. Rxc6 {During the game I
was optimistic about my chances here. However, it appears that White is not
better at all. White needs to swap all the major pieces and then he can slowly
win the endgame: rook + two pawns vs two minor pieces. Unfortunately, Black
can prevent it.} f5 $6 (20... Qd7 {was more precise, kicking away the rook} 21.
Rc4 {and only now} f5 {with sufficient counterplay.}) 21. Qc2 {Now I can
triple my major pieces along the c-file.} Qd7 22. Qc4 $6 {Looks tempting, in
fact - wasting an important tempo.} (22. Rc1 f4 (22... Nb4 $2 23. Qc4+ $18) 23.
e4 Ne7 24. Rc7 Qd6 25. d5 Be5 26. Qd2 $16) 22... Kf8 $6 (22... Bf8 $1 23. Rc1
Bc5 {is the trick, trapping the rook.} 24. Qb5 Ne7 25. Qc4+ Nd5 $11) 23. Rc1 {
This move took me a lot of time, as it wasn't easy to calculate the
complications which arose in the game.} (23. g3 $2 f4 (23... Bh6 {is also
perfectly playable for Black.}) 24. exf4 {White has nothing better.} Nxf4 25.
gxf4 Qg4+ 26. Kh1 Qf3+ {with a perpetual check.}) 23... f4 24. Rc8 $1 (24. e4
$2 Ne7 25. Rc7 Qxd4 {Here the knight on e7 is protected.}) 24... fxe3 25. fxe3
Bh6 {The most natural move, which I expected.} (25... Nxe3 $2 26. Rxd8+ Qxd8
27. Qe6 $1 {It was necessary to foresee this before playing 23.Rc1.} Bxd4 28.
Rc8 {winning the queen, while the discovered check is harmless for White.}) (
25... Ke7 $1 {is a difficult move to make over the board.} 26. Rxd8 Kxd8 27. e4
Nc3 $1 ({After} 27... Ne7 28. d5 {White should slowly, but surely, win, as
Black's pieces are passive.}) 28. e5 (28. d5 $6 Qc7 29. Qxc7+ Kxc7 {Here the
c-file is blocked, so this endgame should end in a draw.}) 28... Nd5 29. Rf1
Bh6 30. Rf3 Ke7 {and here it won't be easy for White to make progress, as all
the penetration squares are covered.}) 26. Rxd8+ Qxd8 27. Rf1+ Kg7 28. e4 Be3+
(28... Nf6 29. e5 Nd5 30. Qc6 {is also bad for Black.}) 29. Kh1 Nf6 30. e5 Ne4
(30... Nd5 31. Qc6 Bxd4 (31... Bg5 32. e6 Nf6 33. Qb7+ Kh6 34. Qf7 Qxd4 35. e7
Qe3 36. h4 $1 Bxh4 37. Qf8+ Kh5 38. Rxf6 Qe1+ 39. Rf1 Qxe7 40. Qxe7 Bxe7 41.
Rf7 $18) 32. Qe6 $1 $18 (32. Rd1 $4 Ne3)) 31. Qf7+ Kh6 32. d5 $6 {This also
wins, but requires precise calculation.} (32. e6 Qxd4 (32... Nd6 33. Qf8+ Qxf8
34. Rxf8 Bg5 35. Rb8 $18) 33. e7 (33. Qf8+ Kh5 34. Qf3+ Kh6 35. e7 Nf2+ 36.
Rxf2 Bxf2 37. g3 {also wins.}) 33... Nf2+ 34. Qxf2 {In my calculations I
forgot that my queen can also take the knight.} (34. Rxf2 $4 Bxf2 $19) 34...
Bxf2 35. e8=Q $18) 32... Nf2+ (32... Qh4 $2 33. Qf8+ Kh5 34. Qf3+ $18) 33. Rxf2
Bxf2 34. Qxf2 Qxd5 {This endgame would be difficult to win, if it were not for
the bad location of Black's king.} 35. Qf8+ $1 Kh5 (35... Kg5 36. Qf6+ Kh6 37.
h4 Qd1+ 38. Kh2 Qd4 39. Kh3 Qd3+ 40. g3 Qd1 41. e6 Qh1+ 42. Kg4 Qd1+ 43. Qf3
$18) 36. Qd6 $2 {That's a real shame - not to calculate the pawn endgame
properly.} (36. Qf3+ $1 Qxf3 37. gxf3 g5 (37... Kg5 38. f4+ Kf5 39. h4 h6 40.
Kg2 g5 41. hxg5 hxg5 42. e6 $1 (42. fxg5 $4 Kxg5 $11) 42... Kxe6 43. fxg5 Kf5
44. Kf3 Kxg5 45. Ke4 $18) 38. Kg2 Kg6 39. Kg3 Kf5 40. e6 Kxe6 41. Kg4 Kf6 42.
Kh5 Kf5 43. Kh6 Kf4 44. Kxh7 Kxf3 45. Kg6 Kg4 (45... g4 46. Kf5 Kg2 47. Kxg4
Kxh2 48. Kf3 $18) 46. h3+ Kxh3 (46... Kf4 47. Kf6 $18) 47. Kxg5 Kg3 48. Kf5 Kf3
49. Ke5 Ke3 50. Kd5 Kd3 51. Kc6 Kc3 52. Kxb6 Kxb3 53. Kxa5 Kc4 54. Kb6 $18)
36... Qxb3 37. h3 Qg3 $2 (37... Qxa4 38. e6 Qa1+ 39. Kh2 Qf6 $1 {White can't
win, as the queen can't help the e-pawn and cover the diagonal h2-b8
simultaneously.}) (37... Qb4 38. Qf6 Qxa4 39. e6 Qd1+ 40. Kh2 Qd6+ {was also
sufficient for a draw.}) 38. Qd5 $2 (38. Qf6 $1 Kh6 39. e6 Qd6 40. h4 Qd1+ (
40... b5 41. axb5 a4 42. Qg5+ $1 Kg7 43. Qe3 Kf6 44. b6 a3 45. b7 a2 46. Qf2+
Kxe6 47. Qxa2+ $18) 41. Kh2 Qd6+ 42. g3 Qd2+ 43. Kh3 Qd1 44. e7 Qh1+ 45. Kg4
Qd1+ 46. Kf4 Qd2+ 47. Ke5 Qc3+ 48. Ke6 Qc6+ 49. Kf7 $18) 38... Qf4 $1 39. e6+
Kh6 40. Kg1 Qxa4 $4 {The last blunder in this queen endgame, which gave quite
some material for Mark Dvoretsky's book in the new chapter on "tragicomedy".} {
[%tqu "En","How should White play?","","","d5e5","Now the pawn is unstoppable
and the queen covers the important diagonal h2-b8, so there is no perpetual
check.",3,"e6e7","",0]} 41. Qe5 $1 $18 {Now the pawn is unstoppable and the
queen covers the important diagonal h2-b8, so there is no perpetual check.} (
41. e7 $4 Qa1+ 42. Kh2 Qe1 43. Qf7 Qe5+ 44. Kg1 Qe1+ $11) 41... Qd1+ 42. Kh2
Qd8 43. e7 Qe8 44. Qf6 Kh5 45. g4+ 1-0